[Event "CADEIRA ELETRÍCA"]
[Site "http://www.queenalice.com/game.php?id=1154380"]
[Date "2013.2.22"]
[Round "-"]
[White "perucona"]
[Black "kdutra"]
[Result "0-1"]
[WhiteElo "1378"]
[BlackElo "1687"]

1. e4 Nc6 2. d4 e6 3. d5 exd5 4. exd5 Ne5 5. Nf3 f6 6. Nxe5 fxe5 7. Nc3 Bb4 8.
a3 Bxc3+ 9. bxc3 Nf6 10. c4 d6 11. Bg5 O-O 12. Bxf6 Qxf6 13. f3 e4 14. fxe4 Qf2#
0-1

[Event "AUTO-OPEN-2924"]
[Site "http://www.queenalice.com/game.php?id=1154445"]
[Date "2013.2.22"]
[Round "1"]
[White "kdutra"]
[Black "leduar"]
[Result "0-1"]
[WhiteElo "1500"]
[BlackElo "1984"]

1. Nf3 d6 2. g3 e5 3. Bg2 Nc6 4. O-O Nf6 5. Nc3 Be6 6. d3 Be7 7. e4 Bg4 8. h3
Bh5 9. g4 Bg6 10. Nh4 O-O 11. g5 Nd7 12. Qg4 Nb6 13. f4 exf4 14. Nd5 Nxd5 15.
exd5 Nd4 16. Qxf4 Ne2+ 17. Kh1 Nxf4 18. Rxf4 Bxg5 19. Rb4 Bxh4 20. Rxb7 Re8 21.
b3 Re1+ 22. Kh2 Qf6 23. Rxc7 Qe5+ 24. Bf4 Qxf4# 0-1

[Event "AUTO-OPEN-2924"]
[Site "http://www.queenalice.com/game.php?id=1154446"]
[Date "2013.2.22"]
[Round "1"]
[White "leduar"]
[Black "kdutra"]
[Result "1-0"]
[WhiteElo "2008"]
[BlackElo "1500"]

1. e4 Nc6 2. d4 e6 3. Nc3 Nf6 4. Nf3 g6 5. e5 Nd5 6. Nxd5 exd5 7. Bd2 Be7 8. Be2
O-O 9. O-O d6 10. Bb5 a6 11. Ba4 b5 12. Bb3 Be6 13. Re1 Bg4 14. Bxd5 Qd7 15.
Bxc6 Qxc6 16. Bh6 Bxf3 17. gxf3 Rfd8 18. d5 Qc5 19. e6 fxe6 20. Rxe6 Bh4 21. Be3
Qc4 22. b3 Qc3 23. Bd4 Qa5 24. Bf6 Rf8 25. Bxh4 Qb4 26. Re4 Qc5 27. Qd3 Rf5 28.
Rd1 Raf8 29. b4 Qc6 30. dxc6 1-0

[Event "AUTO-OPEN-2924"]
[Site "http://www.queenalice.com/game.php?id=1154447"]
[Date "2013.2.22"]
[Round "1"]
[White "kdutra"]
[Black "marconilho"]
[Result "1-0"]
[WhiteElo "1500"]
[BlackElo "1644"]

1. Nf3 e6 2. g3 Nc6 3. Bg2 Bc5 4. O-O h6 5. e3 Nf6 6. d4 Bb6 7. b3 Qe7 8. c4 d6
9. Nc3 a6 10. Ba3 Bd7 11. d5 Na7 12. e4 O-O-O 13. Na4 Bxa4 14. bxa4 c5 15. Rb1
Qc7 16. Qd2 Nxe4 17. Qb2 g5 18. Ne1 exd5 19. cxd5 Nxg3 20. fxg3 Rdf8 21. Qxb6
Kb8 22. Qxa6 f5 23. Nd3 Ka8 24. Qb6 Qh7 25. Nxc5 Rc8 26. Qxd6 Rhe8 27. Nd7 Nc6
28. dxc6 Rxc6 29. Bxc6 bxc6 30. Qxc6+ Ka7 31. Qb7# 1-0

[Event "AUTO-OPEN-2924"]
[Site "http://www.queenalice.com/game.php?id=1154448"]
[Date "2013.2.22"]
[Round "1"]
[White "marconilho"]
[Black "kdutra"]
[Result "0-1"]
[WhiteElo "1643"]
[BlackElo "1591"]

1. e4 Nc6 2. Bc4 Nf6 3. Nc3 e6 4. h3 g6 5. Nf3 Bg7 6. a3 O-O 7. d3 d5 8. exd5
exd5 9. Ba2 d4 10. Ne4 Re8 11. Bd2 Bf5 12. c4 Bxe4 13. dxe4 Nxe4 14. Qc2 d3 15.
Qb3 Nd4 16. Nxd4 Qxd4 17. Be3 d2+ 18. Kd1 Qd7 19. f3 Ng3 20. Rg1 Rad8 21. Rb1 c5
22. a4 Nf5 23. Bxc5 Re1+ 24. Rxe1 dxe1=Q+ 25. Kxe1 Qd2+ 26. Kf1 Ng3+ 27. Kg1
Bd4+ 28. Bxd4 Qxd4+ 29. Kh2 Qf4 30. c5 Nf1+ 31. Kg1 Nd2 32. Qc2 Nxb1 33. Qxb1
Qxa4 34. b3 Qb4 35. c6 bxc6 36. Kh1 Re8 37. Kh2 Re1 38. Qb2 Qf4+ 39. g3 Qxf3 40.
h4 Qh1# 0-1

[Event "AUTO-OPEN-2924"]
[Site "http://www.queenalice.com/game.php?id=1154449"]
[Date "2013.2.22"]
[Round "1"]
[White "kdutra"]
[Black "lupengui"]
[Result "0-1"]
[WhiteElo "1500"]
[BlackElo "2838"]

1. Nf3 Nf6 2. g3 d5 3. Bg2 Nc6 4. O-O e5 5. Nc3 d4 6. Na4 e4 7. Ng5 b5 8. Nc5
Bxc5 9. Nxe4 Nxe4 10. Bxe4 Qf6 11. d3 Bh3 12. Re1 O-O 13. a3 Rae8 14. Bxc6 Qxc6
15. f3 Re6 16. Bf4 Rfe8 17. Rb1 Qd7 18. e4 dxe3 19. Qe2 h6 20. b4 Bd4 21. a4 g5
0-1

[Event "AUTO-OPEN-2924"]
[Site "http://www.queenalice.com/game.php?id=1154450"]
[Date "2013.2.22"]
[Round "1"]
[White "lupengui"]
[Black "kdutra"]
[Result "1-0"]
[WhiteElo "2839"]
[BlackElo "1500"]

1. e4 Nc6 2. d4 e6 3. Nf3 Nf6 4. e5 Nd5 5. c4 Bb4+ 6. Bd2 Nb6 7. Bxb4 Nxb4 8. a3
Na6 9. Nc3 Qe7 10. Bd3 O-O 11. Qc2 d5 12. Bxh7+ Kh8 13. c5 Nc4 14. Bd3 b5 15.
Nxb5 c6 16. Nd6 Nc7 17. b3 Na5 18. Qc3 Nb7 19. Qd2 f6 20. Nh4 g6 21. Nxg6+ Kg7
22. Nxe7 Bd7 23. exf6+ Rxf6 24. Qg5+ 1-0

[Event "Challenge"]
[Site "http://www.queenalice.com/game.php?id=1166919"]
[Date "2013.4.1"]
[Round "-"]
[White "kdutra"]
[Black "Excsiu"]
[Result "0-1"]
[WhiteElo "1699"]
[BlackElo "1592"]

1. Nf3 Nc6 2. d3 d5 3. e3 e5 4. Nc3 d4 5. Ne4 Nf6 6. g3 Nxe4 7. Bg2 Nd6 8. O-O
Bg4 9. h3 Be6 10. c3 Qf6 11. Bd2 O-O-O 12. exd4 exd4 13. Bg5 Qf5 14. Bxd8 Kxd8
0-1

[Event "Challenge"]
[Site "http://www.queenalice.com/game.php?id=1167812"]
[Date "2013.4.3"]
[Round "-"]
[White "Severynnas"]
[Black "kdutra"]
[Result "1-0"]
[WhiteElo "1310"]
[BlackElo "1611"]

1. d4 Nf6 2. Nf3 d5 3. Ne5 e6 4. Bf4 Bd6 5. Nc3 O-O 6. Qd3 c6 7. O-O-O b5 8. g3
b4 9. Na4 Ba6 10. Qb3 Ne4 11. Bh3 Bxe2 12. Rde1 Bb5 13. Bg4 Nxf2 14. Rhf1 Bxf1
15. Rxf1 Bxe5 16. Rxf2 Bxd4 17. Rd2 Qf6 18. Qxb4 Na6 19. Qxd4 Qe7 20. h4 Rfe8
21. c3 e5 22. Qd3 Nc7 23. Be3 e4 24. Qf1 Qe5 25. Qg2 Ne6 26. Nc5 1-0

[Event "Challenge"]
[Site "http://www.queenalice.com/game.php?id=1167813"]
[Date "2013.4.3"]
[Round "-"]
[White "Severynnas"]
[Black "kdutra"]
[Result "0-1"]
[WhiteElo "1352"]
[BlackElo "1655"]

1. d4 Nf6 2. Nf3 d5 3. Be3 Nc6 4. Nc3 Bg4 5. Qd3 e6 6. O-O-O Bb4 7. Nb5 O-O 8.
Ne5 Qe8 9. Nxc7 Qc8 10. Nxa8 Qxa8 11. Nxc6 bxc6 12. a3 Bf5 13. Qb3 Bd6 14. c4
Rb8 15. Qc3 Ne4 16. Qc2 Qb7 17. cxd5 cxd5 18. h3 Rc8 19. f3 Nf2 20. Qxc8+ Qxc8+
21. Kd2 Qc2+ 22. Ke1 Nxd1 23. Bg5 Bg3# 0-1

[Event "AUTO-INT-2625"]
[Site "http://www.queenalice.com/game.php?id=1177978"]
[Date "2013.5.3"]
[Round "1"]
[White "kdutra"]
[Black "mike52"]
[Result "0-1"]
[WhiteElo "1548"]
[BlackElo "1547"]

1. Nf3 d6 2. e4 e5 3. d4 Bg4 4. Bg5 f6 5. Be3 Bxf3 6. Qxf3 a6 7. Bd3 h6 8. O-O
c6 9. Nc3 b5 10. Qh5+ Kd7 0-1

[Event "AUTO-INT-2625"]
[Site "http://www.queenalice.com/game.php?id=1177979"]
[Date "2013.5.3"]
[Round "1"]
[White "mike52"]
[Black "kdutra"]
[Result "1-0"]
[WhiteElo "1529"]
[BlackElo "1572"]

1. e4 Nc6 2. d4 d5 3. exd5 Qxd5 4. c3 Nf6 5. f3 e5 6. Bg5 Be7 7. Nd2 Bd7 8. Bxf6
Bxf6 9. Ne4 exd4 10. Nxf6+ gxf6 11. Qe2+ 1-0

[Event "AUTO-OPEN-2982"]
[Site "http://www.queenalice.com/game.php?id=1178135"]
[Date "2013.5.3"]
[Round "1"]
[White "kdutra"]
[Black "Mbgrl"]
[Result "0-1"]
[WhiteElo "1528"]
[BlackElo "1831"]

1. e4 e5 2. Nf3 Nc6 3. Bc4 Nf6 4. d3 Bc5 5. O-O d6 6. Nc3 Bg4 7. Bg5 Nd4 8. Be3
Bxf3 9. gxf3 Qd7 10. Kg2 b5 11. Bd5 c6 0-1